000
00206 a2200097 4500
001
47528
100
_a
Bombard
245
_a
The bombard story
260
_a
London
_b
Andre deutsch
_c
090
_c
30547
_d
30547
942
_a
NUST-CAE
_c
M
_c
22833
999
_c
282601
_d
282601